|
|
|
|
| LEADER |
00000nas a2200000 a 4500 |
| 001 |
ssj0007082 |
| 003 |
WaSeSS |
| 005 |
20200512172242.0 |
| 006 |
m d |
| 007 |
cr n |
| 008 |
981002c19719999gw qr pss 0 a0eng c |
| 010 |
|
|
|a 2004233632
|
| 016 |
7 |
|
|a 013082066
|2 Uk
|
| 022 |
|
|
|a 1432-1270
|l 0020-7276
|y 0020-7276
|
| 030 |
|
|
|a IJGTA2
|
| 035 |
|
|
|a (WaSeSS)ssj0007082
|
| 040 |
|
|
|a PIT
|b eng
|e pn
|c PIT
|d OCL
|d OCLCQ
|d TXU
|d OCLCQ
|d TWT
|d GUA
|d OCLCQ
|d MUQ
|d OCL
|d OCLCQ
|d FJM
|d OCLCQ
|d UKMGB
|d OCLCQ
|d BUF
|d OCLCF
|d OCLCQ
|d WT2
|d OCLCQ
|d AU@
|d VT2
|d DLC
|d NJT
|d OCLCQ
|d WaSeSS
|
| 042 |
|
|
|a pcc
|
| 050 |
0 |
0 |
|a QA269
|
| 082 |
0 |
4 |
|a 519.305
|
| 130 |
0 |
|
|a International journal of game theory (Online)
|
| 210 |
0 |
|
|a Int. j. game theory
|b (Internet)
|
| 222 |
|
0 |
|a International journal of game theory
|b (Online)
|
| 245 |
1 |
0 |
|a International journal of game theory
|h [electronic resource].
|
| 260 |
|
|
|3 <1971-> :
|a Vienna :
|b Physica-Verlag,
|c [1971]-
|
| 260 |
3 |
|
|3 <1998-> :
|a Berlin :
|b Springer Verlag
|
| 310 |
|
|
|a Four issues a year,
|b 2003-
|
| 321 |
|
|
|a Frequency varies,
|b <1998>-1999
|
| 321 |
|
|
|a 3 issues a year,
|b 2000-2002
|
| 362 |
1 |
|
|a Began with vol. 1, issue 1 (December 1971).
|
| 506 |
|
|
|a License restrictions may limit access.
|
| 538 |
|
|
|a Mode of access: World Wide Web.
|
| 588 |
0 |
|
|a Vol. 1, issue 1 (December 1971); title from contents screen (Springer LINK, viewed Apr. 27, 2004).
|
| 588 |
1 |
|
|a Vol. 47, issue 4 (Nov. 2018) (viewed Mar. 6, 2018).
|
| 650 |
|
0 |
|a Game theory
|v Periodicals.
|
| 650 |
|
6 |
|a Jeux, Théorie des
|v Périodiques.
|
| 650 |
|
7 |
|a Game theory.
|2 fast
|0 (OCoLC)fst00937501
|
| 655 |
|
0 |
|a Electronic journals.
|
| 710 |
2 |
|
|a Game Theory Society.
|
| 776 |
0 |
8 |
|i Print version:
|t International journal of game theory
|x 0020-7276
|w (DLC) 72627383
|w (OCoLC)1775294
|
| 850 |
|
|
|a DLC
|
| 856 |
4 |
0 |
|z Full text available from Research Library: 03/01/2002 to 1 year ago
|u https://search.proquest.com/publication/34034
|